Statistical handbook of japan /
Guardado en:
| Formato: | Libro |
|---|---|
| Publicado: |
Tokyo :
Bureau of statistics, office of the prime Minister,
1978
|
| Materias: | |
| Etiquetas: |
Agregar Etiqueta
Sin Etiquetas, Sea el primero en etiquetar este registro!
|
| LEADER | 00459nam a22001575a 4500 | ||
|---|---|---|---|
| 001 | CEM.cems000215 | ||
| 005 | 20060209000000.0 | ||
| 008 | 130507s1978##################000#0#####d | ||
| 003 | CEMS | ||
| 082 | 0 | 4 | |a 952 |
| 245 | 0 | 0 | |a Statistical handbook of japan / |
| 260 | |a Tokyo : |b Bureau of statistics, office of the prime Minister, |c 1978 | ||
| 300 | |a 154 p. | ||
| 653 | |a Historia | ||
| 653 | |a Japon-estadística | ||
| 859 | |a CEMS |b BIB. CEMS - 11 de abril |h 952 |i St29 |p 13031.84 |t Ej.1 | ||
